000 00447nam a2200181Ia 4500
003 GCL
008 140319s9999 xx 000 0 eng d
040 _aGCL /
_cGCL
082 0 4 _a822
_bN C
100 1 _aNICHOLS, BEVERLEY
245 1 0 _aCRAZY PAVEMENTS /
_cNICHOLS, BEVERLEY
260 _a[S.N] :
_bJONATHAN CAPE ،
_c1935
300 _a288 P
650 0 4 _aENGLISH LITERATURE
650 0 4 _aLITERATURE
650 0 4 _aFICTION
942 _2ddc
_cBK
999 _c19432
_d19432